000 01339nam a2200397 i 4500
001 52041
003 KOSZ 005
005 20191002090815.0
008 060619s2004 enka f f |000 0 eng d
020 _a0582514622
040 _cKOSZ 005/HR
_aKOSZ 005/HR
_dKOSZ 005/HR
041 0 _aeng
046 _k2004
080 _a811.111
080 _a(07)
100 1 _aWatcyn-Jones, Peter.
_eAutor
245 1 0 _aPair Work 2 :
_b[intermediate-upper intermediate] /
_cPeter Watcyn-Jones.
250 _aNew ed., 3rd impr.
260 _aHarlow :
_bPearson Education,
_c2004.
300 _a112 s. :
_bil. ;
_c28 cm.
336 _2rdacontent
_aTekst
_btxt
337 _2rdamedia
_aBez urządzenia pośredniczącego
_bn
338 _2rdacarrier
_aWolumin
_bnc
380 _aKsiążki
380 _aPublikacje dydaktyczne
385 _mPoziom nauczania
_apoziom średniozaawansowany
385 _mPoziom nauczania
_apoziom wyższy średniozaawansowany
388 _a1901-
490 1 _aPenguin English Photocopiables
650 4 _aJęzyk angielski
_xpoziom średnio zaawansowany.
658 _aJęzykoznawstwo
655 4 _aPodręcznik
830 0 _aPenguin English Photocopiables
856 _uhttp://koha.tu.koszalin.pl/cgi-bin/koha/opac-detail.pl?biblionumber=52041
_yKatalog online BPK
942 _cKS
_2UKD
999 _c52041
_d52041